| 000 | 01529nam a2200193 a 4500 | ||
|---|---|---|---|
| 001 | ASIN0070631840 | ||
| 005 | 20140821181732.0 | ||
| 008 | 140821s1993 xxu eng d | ||
| 020 |
_a0070631840 (hardcover) _c$55.00 |
||
| 020 | _a9780070631847 (hardcover) | ||
| 100 | 1 | _aTaylor, Carson W. | |
| 245 | 1 | 0 |
_aPower system voltage stability / _cCarson W. Taylor. |
| 260 |
_a[S.l.] : _bMcgraw-Hill (Tx), _c1993. |
||
| 300 |
_a273 p. ; _c25 cm. |
||
| 490 | 1 | _aElectric power research institute power system engineering. | |
| 520 | _aVoltage stability is a major concern in the planning and operation of electric power systems. This book provides a clear, in-depth explanation of voltage stability, covering both transient and longer-term phenomena and presenting proven solutions to instability problems. The book describes equipment characteristics for transmission, generation, and distribution/load subsystems of a power system, together with methods for the modelling of equipment. Readers will find static and dynamic computer simulation examples for small equivalent power systems and for a very large power system, plus an account of voltage stability associated with HVDC links. They will also get helpful planning and operating guidelines, computer methods for power flow and dynamic simulation, and descriptions of actual voltage instability incidents. | ||
| 830 | 0 | _aElectric power research institute power system engineering. | |
| 856 | 4 | 0 |
_3Amazon.com _uhttp://www.amazon.com/exec/obidos/ASIN/0070631840/chopaconline-20 |
| 999 |
_c8941 _d8941 |
||